Operations management (Record no. 587)
[ view plain ]
| 000 -LEADER | |
|---|---|
| fixed length control field | 00616nam a22002057a 4500 |
| 005 - DATE AND TIME OF LATEST TRANSACTION | |
| control field | 20241104153110.0 |
| 008 - FIXED-LENGTH DATA ELEMENTS--GENERAL INFORMATION | |
| fixed length control field | 241104b |||||||| |||| 00| 0 eng d |
| 020 ## - INTERNATIONAL STANDARD BOOK NUMBER | |
| International Standard Book Number | 9780273603160 |
| 050 ## - LIBRARY OF CONGRESS CALL NUMBER | |
| Classification number | TS155 |
| Item number | SLA |
| 100 ## - MAIN ENTRY--PERSONAL NAME | |
| Personal name | Slack, Nigel |
| 245 ## - TITLE STATEMENT | |
| Title | Operations management |
| Statement of responsibility, etc. | by Nigel Slack, Stuart Chambers, Christine Harland, Alan Harrison, and Robert Johnston |
| 260 ## - PUBLICATION, DISTRIBUTION, ETC. | |
| Place of publication, distribution, etc. | London |
| Name of publisher, distributor, etc. | Pitman Publishing |
| Date of publication, distribution, etc. | 1995c |
| 300 ## - PHYSICAL DESCRIPTION | |
| Extent | xiv, 914p; ill. |
| 500 ## - GENERAL NOTE | |
| General note | Includes index |
| 700 ## - ADDED ENTRY--PERSONAL NAME | |
| Personal name | Chambers, Stuart |
| 700 ## - ADDED ENTRY--PERSONAL NAME | |
| Personal name | Harland, Christine |
| 700 ## - ADDED ENTRY--PERSONAL NAME | |
| Personal name | Harrison, Alan |
| 700 ## - ADDED ENTRY--PERSONAL NAME | |
| Personal name | Johnston, Robert |
| 942 ## - ADDED ENTRY ELEMENTS (KOHA) | |
| Source of classification or shelving scheme | Library of Congress Classification |
| Koha item type | Books |
| Suppress in OPAC | No |
| 999 ## - | |
| -- | 587 |
| -- | 587 |
| Withdrawn status | Lost status | Source of classification or shelving scheme | Damaged status | Not for loan | Collection | Home library | Current library | Shelving location | Date acquired | Total checkouts | Full call number | Barcode | Date last seen | Copy number | Price effective from | Koha item type |
|---|---|---|---|---|---|---|---|---|---|---|---|---|---|---|---|---|
| Library of Congress Classification | Non-fiction | Graduate Library (Christ Temple) | Graduate Library (Christ Temple) | General stacks | 11/04/2024 | TS155 SLA | GSCT00000003 | 11/04/2024 | 1 | 11/04/2024 | Books | |||||
| Library of Congress Classification | Non-fiction | Graduate Library (Christ Temple) | Graduate Library (Christ Temple) | General stacks | 11/04/2024 | TS155 SLA | GSCT00000004 | 11/04/2024 | 2 | 11/04/2024 | Books | |||||
| Library of Congress Classification | Non-fiction | Graduate Library (Christ Temple) | Graduate Library (Christ Temple) | General stacks | 11/04/2024 | TS155 SLA | GSCT00000005 | 11/04/2024 | 3 | 11/04/2024 | Books |